Serviving transistor receivers / (Record no. 592607)
[ view plain ]
| 000 -LEADER | |
|---|---|
| fixed length control field | 00627nam a22001457a 4500 |
| 003 - CONTROL NUMBER IDENTIFIER | |
| control field | NUST |
| 082 ## - DEWEY DECIMAL CLASSIFICATION NUMBER | |
| Classification number | 621.381628,PET |
| 100 ## - MAIN ENTRY--PERSONAL NAME | |
| Personal name | Pettit, F.R. |
| 9 (RLIN) | 104250 |
| 245 ## - TITLE STATEMENT | |
| Title | Serviving transistor receivers / |
| Statement of responsibility, etc. | F.R. Pettit, |
| 260 ## - PUBLICATION, DISTRIBUTION, ETC. | |
| Place of publication, distribution, etc. | Norman Price Publication |
| Name of publisher, distributor, etc. | London |
| Date of publication, distribution, etc. | 1963 |
| 300 ## - PHYSICAL DESCRIPTION | |
| Extent | 96 p |
| 505 ## - FORMATTED CONTENTS NOTE | |
| Formatted contents note | Transistors (Page-9), Transistor receivers (Page-14), Test equipment (Page-29), Faults and fault finding (Page-34), Transistor D.C tests (Page-52), Receiver alignment and R.F. tests (Page-59), Testing transistors (Page-64), Transistor equivalents (Page-74).<br/> |
| 650 ## - SUBJECT ADDED ENTRY--TOPICAL TERM | |
| Topical term or geographic name entry element | Serviving transistor |
| 9 (RLIN) | 104251 |
| 942 ## - ADDED ENTRY ELEMENTS (KOHA) | |
| Source of classification or shelving scheme | |
| Koha item type | Book |
| Withdrawn status | Lost status | Source of classification or shelving scheme | Damaged status | Not for loan | Permanent Location | Current Location | Shelving location | Date acquired | Total Checkouts | Full call number | Barcode | Date last seen | Price effective from | Koha item type | Public note |
|---|---|---|---|---|---|---|---|---|---|---|---|---|---|---|---|
| Military College of Signals (MCS) | Military College of Signals (MCS) | General Stacks | 12/06/2022 | 621.381628,PET | MCS7399 | 12/06/2022 | 12/06/2022 | Book | Almirah No.34, Shelf No.6 |
